Normal view MARC view
  • Annual Report - World times.

Entry Topical Term

Number of records used in: 1

001 - CONTROL NUMBER

  • control field: 31619

003 - CONTROL NUMBER IDENTIFIER

  • control field: NUST

005 - DATE AND TIME OF LATEST TRANSACTION

  • control field: 20201015163444.0

008 - FIXED-LENGTH DATA ELEMENTS

  • fixed length control field: 201015|| aca||aabn | a|a d

040 ## - CATALOGING SOURCE

  • Original cataloging agency: NUST
  • Transcribing agency: NUST

150 ## - HEADING--TOPICAL TERM

  • Topical term or geographic name entry element: Annual Report - World times.
  • Chronological subdivision: 20th century
  • Form subdivision: Periodicals

670 ## - SOURCE DATA FOUND

  • Source citation: Work cat.: (NUST): Jahangir's world times. JWT Special Report
© 2023 Central Library, National University of Sciences and Technology. All Rights Reserved.